Az öszhangzat ![összhangzat] és zeneszerzés-tanitás módszertana
Elmentve itt :
| Szerző: | |
|---|---|
| Dokumentumtípus: | Cikk |
| Megjelent: |
1887
|
| Sorozat: | Kolligátum
|
| Kulcsszavak: | Zenetanítás - összhangzattan |
| Online Access: | http://misc.bibl.u-szeged.hu/25485 |
| LEADER | 00576nab a2200169 i 4500 | ||
|---|---|---|---|
| 001 | misc25485 | ||
| 005 | 20191111110644.0 | ||
| 008 | 170721s1887 hu o 0|| zxx d | ||
| 040 | |a SZTE Miscellanea Repozitórium |b hun | ||
| 041 | |a zxx | ||
| 100 | 1 | |a Hofecker Imre | |
| 245 | 1 | 3 | |a Az öszhangzat ![összhangzat] és zeneszerzés-tanitás módszertana |h [elektronikus dokumentum] / |c Hofecker Imre |
| 260 | |c 1887 | ||
| 300 | |a 1-43 | ||
| 490 | 0 | |a Kolligátum | |
| 695 | |a Zenetanítás - összhangzattan | ||
| 856 | 4 | 0 | |u http://misc.bibl.u-szeged.hu/25485/1/017_006_001-043.pdf |z Dokumentum-elérés |